Statistiken für Serien erraten mit Bildern - Teil 9

Klicken Sie hier um das Quiz zu spielen!

Allgemein

  • Dieses Quiz wurde 190 mal gespielt
  • Das Durchschnittsergebnis liegt bei 4 aus 16

Antwortstatistiken

Antwort% Korrekt
Loki
82%
Navy CIS
63%
Knight Rider
55%
Mord ist ihr Hobby
55%
American Horror Story
27%
Blue Bloods
20%
Legends of Tomorrow
15%
Familienbande
14%
Mork vom Ork
12%
Remington Steele
10%
Wunderbare Jahre
10%
Cagney & Lacey
7%
Herzbube mit 2 Damen
4%
Still Standing
4%
The Practice
3%
Für alle Fälle Amy
2%

Verteilung der Resultate

Perzentil nach korrekt beantworteten Fragen

Anzahl Personen mit jedem Resultat

Ihre Resultats-Entwicklung

Sie haben dieses Quiz noch nicht gespielt